000 00245nam a2200109Ia 4500
008 220204s9999 xx 000 0 und d
082 _a801.54
_bLEE
100 _aLeech, G
245 0 _aSemantics
260 _aEngland
_bPenguin
_c1978
942 _cBK
999 _c33027
_d33027